[Event "ROM-ch Rapid (Women)"]
[Site "Bucharest"]
[Date "2022.03.12"]
[Round "3"]
[White "Ciocan, Maria Alexandra"]
[Black "Ciolacu, Alessia Mihaela"]
[Result "1/2-1/2"]
[WhiteElo "1982"]
[BlackElo "2239"]
[PlyCount "86"]
[EventDate "2022.03.11"]
[EventType "swiss (rapid)"]
[EventRounds "9"]
[EventCountry "ROU"]
[SourceTitle "CBM 207 Extra"]
[Source "ChessBase"]
[SourceDate "2022.05.31"]
[SourceVersion "1"]
[SourceVersionDate "2022.05.31"]
[SourceQuality "1"]

1. e4 e5 2. Nf3 Nc6 3. Bc4 Nf6 4. d3 Bc5 5. c3 a6 6. Bb3 Ba7 7. Nbd2 0-0 8. 0-0 d6 9. h3 h6 10. Re1 Ne7 11. Nf1 Ng6 12. d4 c5 13. Ng3 Re8 14. a4 b5 15. axb5 axb5 16. dxc5 dxc5 17. Qxd8 Rxd8 18. Ra5 c4 19. Be3 cxb3 20. Rxa7 Rxa7 21. Bxa7 Bb7 22. Bc5 Nd7 23. Bd6 f6 24. Nf5 Nf4 25. Be7 Ra8 26. Rd1 Nb6 27. Nd6 Bc6 28. Nd2 Ra7 29. Nf5 Rd7 30. Bc5 Nc8 31. Be3 Bxe4 32. Ng3 Bc2 33. Ra1 Nd3 34. Ra8 Rd8 35. Nf5 Kf7 36. Rxc8 Rxc8 37. Nd6+ Ke6 38. Nxc8 Nxb2 39. Na7 Nc4 40. Nxb5 Nxd2 41. Bxd2 b2 42. Na3 b1Q+ 43. Nxb1 Kd5 1/2-1/2

[Event "ROM-ch Rapid (Women)"]
[Site "Bucharest"]
[Date "2022.03.12"]
[Round "8"]
[White "Visanescu, Daria Ioana"]
[Black "Ciocan, Maria Alexandra"]
[Result "1/2-1/2"]
[WhiteElo "2135"]
[BlackElo "1982"]
[PlyCount "120"]
[EventDate "2022.03.11"]
[EventType "swiss (rapid)"]
[EventRounds "9"]
[EventCountry "ROU"]
[SourceTitle "CBM 207 Extra"]
[Source "ChessBase"]
[SourceDate "2022.05.31"]
[SourceVersion "1"]
[SourceVersionDate "2022.05.31"]
[SourceQuality "1"]

1. e4 e6 2. d4 d5 3. Nd2 Nf6 4. Bd3 c5 5. c3 Nc6 6. Ngf3 Be7 7. 0-0 cxd4 8. cxd4 dxe4 9. Nxe4 0-0 10. Be3 Nb4 11. Nxf6+ Bxf6 12. Be4 Nd5 13. Rc1 Bd7 14. Qd3 h6 15. Qb3 Bc6 16. Bb1 Nxe3 17. fxe3 g6 18. Rf2 Bd5 19. Qd1 Rc8 20. Rxc8 Qxc8 21. Qd2 Bg7 22. b3 Qc6 23. Qe1 Qb6 24. Qf1 a5 25. Nd2 a4 26. Nc4 Qb4 27. Bc2 axb3 28. axb3 b5 29. Nd2 Qc3 30. Bd3 Bxb3 31. Ne4 Qb4 32. Bxb5 Bd5 33. Nc5 e5 34. Nd7 exd4 35. Nxf8 dxe3 36. Rc2 Bxf8 37. Bc4 Qc5 38. Qe2 Qd4 39. Bxd5 Qxd5 40. h3 Bd6 41. Rc8+ Kg7 42. Rc1 Qe5 43. g4 Qg3+ 44. Qg2 Qf4 45. Rf1 Qd4 46. Qe2 Qe5 47. Rf3 Bc5 48. Kg2 h5 49. gxh5 Qxh5 50. Qb2+ Kg8 51. Qf6 Qd5 52. Qb2 Qd2+ 53. Qxd2 exd2 54. Rd3 Bb4 55. Kf3 Kg7 56. Ke4 Kf6 57. Kd4 Kg5 58. Kc4 Ba5 59. Kb5 Bc3 60. Kc4 Ba5 1/2-1/2

[Event "FIDE World Uni Blitz-A 1st"]
[Site "Tornelo INT"]
[Date "2021.03.13"]
[Round "5.50"]
[White "Sharma, Kunal"]
[Black "Ciocan, Maria Alexandra"]
[Result "1-0"]
[WhiteElo "1324"]
[BlackElo "1982"]
[PlyCount "67"]
[EventDate "2021.03.13"]
[EventType "swiss (blitz)"]
[EventRounds "10"]
[EventCountry "NET"]
[SourceTitle "EXT 2022"]
[Source "ChessBase"]
[SourceDate "2021.10.06"]
[SourceVersion "1"]
[SourceVersionDate "2021.10.06"]
[SourceQuality "1"]

1. e4 e6 2. d4 d5 3. Nd2 Nf6 4. e5 Nfd7 5. Bd3 c5 6. c3 Nc6 7. Ne2 cxd4 8. cxd4 f6 9. exf6 Nxf6 10. 0-0 Bd6 11. Nf3 Qc7 12. a3 0-0 13. Be3 Bd7 14. h3 Be8 15. Nc3 a6 16. Be2 Bh5 17. Rc1 Qe7 18. b4 Bf7 19. Na4 e5 20. dxe5 Nxe5 21. Nxe5 Qxe5 22. g3 Ne4 23. Bf4 Qf6 24. Bxd6 Qxd6 25. Bf3 Qg6 26. Bg2 Be6 27. Nc5 Bc8 28. Nxe4 dxe4 29. Qd5+ Kh8 30. Qxe4 Qf7 31. h4 Rb8 32. Qe5 Bg4 33. Rc7 Qb3 34. Qxg7# 1-0

[Event "EU-ch U18 Girls"]
[Site "Bratislava"]
[Date "2019.08.08"]
[Round "7"]
[White "Smetisko, Marija"]
[Black "Ciocan, Maria Alexandra"]
[Result "1/2-1/2"]
[WhiteElo "1792"]
[BlackElo "2068"]
[PlyCount "100"]
[EventDate "2019.08.02"]
[EventType "swiss"]
[EventRounds "9"]
[EventCountry "SVK"]
[SourceTitle "CBM 191 Extra"]
[Source "ChessBase"]
[SourceDate "2019.09.30"]
[SourceVersion "1"]
[SourceVersionDate "2019.09.30"]
[SourceQuality "1"]

1. e4 e6 2. d4 d5 3. exd5 exd5 4. Nc3 c6 5. Bd3 Bd6 6. Nge2 Qc7 7. Ng3 Ne7 8. Nh5 0-0 9. Qf3 Ng6 10. Ne2 Nh4 11. Nf6+ gxf6 12. Bxh7+ Kxh7 13. Qh5+ Kg8 14. Qxh4 Qe7 15. Bh6 Re8 16. 0-0-0 Qe4 17. Nf4 Bxf4+ 18. Bxf4 Qh7 19. Qg3+ Kh8 20. Bxb8 Bf5 21. Bd6 Bxc2 22. Rd2 Bf5 23. h4 Re6 24. Bf4 Rc8 25. Be3 b6 26. h5 Bb1 27. h6 Rg8 28. Qg7+ Rxg7 29. hxg7+ Kxg7 30. Rxh7+ Bxh7 31. b4 Be4 32. Rd1 Kf8 33. f3 Bg6 34. Bf2 Re2 35. Rd2 Re8 36. Bg3 Kg7 37. Kd1 Bf5 38. Re2 Be6 39. Re3 a5 40. bxa5 bxa5 41. Ra3 Ra8 42. Ra4 Bd7 43. Be1 c5 44. Rxa5 Rxa5 45. Bxa5 cxd4 46. Kc2 Bb5 47. a3 f5 48. Bb6 d3+ 49. Kc3 Kf6 50. Be3 Ke5 1/2-1/2

[Event "EU-ch U18 Girls"]
[Site "Bratislava"]
[Date "2019.08.07"]
[Round "6"]
[White "Nastase, Andreea Cristina"]
[Black "Ciocan, Maria Alexandra"]
[Result "1-0"]
[WhiteElo "1948"]
[BlackElo "2068"]
[PlyCount "91"]
[EventDate "2019.08.02"]
[EventType "swiss"]
[EventRounds "9"]
[EventCountry "SVK"]
[SourceTitle "CBM 191 Extra"]
[Source "ChessBase"]
[SourceDate "2019.09.30"]
[SourceVersion "1"]
[SourceVersionDate "2019.09.30"]
[SourceQuality "1"]

1. e4 e6 2. d4 d5 3. Nc3 Bb4 4. e5 b6 5. a3 Bf8 6. Nce2 c5 7. c3 Ne7 8. Ng3 Nec6 9. f4 Be7 10. Nf3 Qd7 11. Bd3 cxd4 12. cxd4 Ba6 13. 0-0 Na5 14. f5 Bxd3 15. Qxd3 Nbc6 16. fxe6 fxe6 17. Be3 Nc4 18. b4 0-0-0 19. Nd2 Nxe3 20. Qxe3 Kb8 21. Nb3 Rc8 22. Ne2 Rhf8 23. Qd3 g6 24. b5 Rxf1+ 25. Rxf1 Nd8 26. a4 Rc4 27. Ra1 Nb7 28. Qh3 Bb4 29. Rc1 Qc8 30. Qxh7 Bd2 31. Rxc4 Be3+ 32. Kh1 dxc4 33. Na1 Qf8 34. h4 Nd8 35. Qd7 Qh8 36. g3 g5 37. Nc2 Bd2 38. d5 gxh4 39. g4 Qf8 40. Ncd4 Qf1+ 41. Ng1 Qf8 42. d6 Nb7 43. Qc7+ Ka8 44. Nc6 c3 45. d7 Bg5 46. Qc8+ 1-0

[Event "EU-ch U18 Girls"]
[Site "Bratislava"]
[Date "2019.08.04"]
[Round "3"]
[White "Beydullayeva, Govhar"]
[Black "Ciocan, Maria Alexandra"]
[Result "1-0"]
[WhiteElo "2307"]
[BlackElo "2068"]
[PlyCount "65"]
[EventDate "2019.08.02"]
[EventType "swiss"]
[EventRounds "9"]
[EventCountry "SVK"]
[SourceTitle "CBM 191 Extra"]
[Source "ChessBase"]
[SourceDate "2019.09.30"]
[SourceVersion "1"]
[SourceVersionDate "2019.09.30"]
[SourceQuality "1"]

1. d4 Nf6 2. Nf3 g6 3. c4 Bg7 4. g3 0-0 5. Bg2 d6 6. Nc3 c6 7. 0-0 Qa5 8. e4 e5 9. h3 Nbd7 10. Qc2 exd4 11. Nxd4 Ne5 12. b3 Qb6 13. Be3 c5 14. Nde2 a6 15. Rad1 Qc7 16. f4 Nc6 17. Rd2 Re8 18. Rfd1 Nh5 19. Nd5 Qa5 20. g4 Nf6 21. Nxf6+ Bxf6 22. Rxd6 Nb4 23. Qb1 Be7 24. R6d2 b5 25. e5 Rb8 26. Qc1 bxc4 27. bxc4 Qc7 28. Nc3 Bh4 29. a3 Nc6 30. Nd5 Qb7 31. g5 Re6 32. Nf6+ Kg7 33. Rd8 1-0

[Event "ROM-ch U18 Girls"]
[Site "Calimanesti Caciulata"]
[Date "2019.04.21"]
[Round "8"]
[White "Ciocan, Maria Alexandra"]
[Black "Cristocea, Gabriela"]
[Result "1-0"]
[WhiteElo "2008"]
[BlackElo "1724"]
[PlyCount "95"]
[EventDate "2019.04.15"]
[EventType "swiss"]
[EventRounds "9"]
[EventCountry "ROU"]
[SourceTitle "CBM 190 Extra"]
[Source "ChessBase"]
[SourceDate "2019.07.15"]
[SourceVersion "1"]
[SourceVersionDate "2019.07.15"]
[SourceQuality "1"]

1. e4 d5 2. exd5 Qxd5 3. Nc3 Qd6 4. Bc4 Nf6 5. d4 a6 6. Bb3 b5 7. Qf3 c6 8. Bf4 Qd7 9. Bxb8 Rxb8 10. Qg3 Qd6 11. Nf3 Qxg3 12. hxg3 e6 13. 0-0-0 Bb7 14. a4 Be7 15. Ne5 Rd8 16. g4 0-0 17. f3 c5 18. axb5 cxd4 19. Ne2 d3 20. Nxd3 axb5 21. Nef4 Nd7 22. Rh5 g6 23. Rxb5 Bc6 24. Ra5 Ra8 25. Rxa8 Rxa8 26. c3 Nc5 27. Nxc5 Bxc5 28. Kc2 Be3 29. Nd3 Rd8 30. Bc4 Kf8 31. Rh1 h6 32. Re1 Bg5 33. b4 Ba4+ 34. Kb2 Rc8 35. Nc5 Be8 36. Kb3 Ra8 37. Re2 Be7 38. Na6 Ra7 39. Rb2 Bc6 40. b5 Bb7 41. Kc2 Ra8 42. Bd3 f5 43. Nc7 Rb8 44. Nxe6+ Kf7 45. gxf5 gxf5 46. Bxf5 Kf6 47. Nd4 Rg8 48. Kd3 1-0

[Event "ROM-ch U18 Girls"]
[Site "Calimanesti Caciulata"]
[Date "2019.04.20"]
[Round "7"]
[White "Balan, Briana Cleopatra"]
[Black "Ciocan, Maria Alexandra"]
[Result "0-1"]
[WhiteElo "1883"]
[BlackElo "2008"]
[PlyCount "60"]
[EventDate "2019.04.15"]
[EventType "swiss"]
[EventRounds "9"]
[EventCountry "ROU"]
[SourceTitle "CBM 190 Extra"]
[Source "ChessBase"]
[SourceDate "2019.07.15"]
[SourceVersion "1"]
[SourceVersionDate "2019.07.15"]
[SourceQuality "1"]

1. e4 e6 2. d4 d5 3. exd5 exd5 4. Nf3 Bg4 5. h3 Bh5 6. Qe2+ Ne7 7. Be3 Nbc6 8. Nc3 Qd7 9. 0-0-0 f6 10. g4 Bf7 11. g5 0-0-0 12. Nh4 Kb8 13. f4 Na5 14. Qf2 Bh5 15. Re1 Nc8 16. f5 Bb4 17. Bd2 fxg5 18. Bxg5 Bxc3 19. bxc3 Qa4 20. Bxd8 Rxd8 21. Bd3 Qa3+ 22. Kd2 Nd6 23. Nf3 Ne4+ 24. Bxe4 Nc4+ 25. Kd3 Qa6 26. Bxd5 Rxd5 27. Re6 Nd6+ 28. Kd2 Rxf5 29. Qh4 Nc4+ 30. Kd3 Rxf3+ 0-1

[Event "ROM-ch U18 Girls"]
[Site "Calimanesti Caciulata"]
[Date "2019.04.19"]
[Round "6"]
[White "Ciocan, Maria Alexandra"]
[Black "Bucur, Denisa Andreea"]
[Result "1-0"]
[WhiteElo "2008"]
[BlackElo "1945"]
[PlyCount "111"]
[EventDate "2019.04.15"]
[EventType "swiss"]
[EventRounds "9"]
[EventCountry "ROU"]
[SourceTitle "CBM 190 Extra"]
[Source "ChessBase"]
[SourceDate "2019.07.15"]
[SourceVersion "1"]
[SourceVersionDate "2019.07.15"]
[SourceQuality "1"]

1. e4 c5 2. Nf3 Nc6 3. d4 cxd4 4. Nxd4 g6 5. Nc3 Bg7 6. Be3 Nf6 7. Bc4 Qa5 8. 0-0 0-0 9. h3 d6 10. Nb3 Qc7 11. f4 Bd7 12. Qe2 Rac8 13. Nd2 Rfd8 14. a3 Be8 15. Rad1 Nd7 16. Qf2 Nb6 17. Ba2 Na5 18. f5 Nbc4 19. fxg6 hxg6 20. Nd5 Qd7 21. Bxa7 e6 22. Nxc4 Nxc4 23. Bxc4 Rxc4 24. Nb6 Qb5 25. Nxc4 Qxc4 26. Bd4 e5 27. Bb6 Rd7 28. Rfe1 f6 29. Rd3 d5 30. exd5 Rxd5 31. Red1 Rxd3 32. Rxd3 Bc6 33. Qe2 Kh7 34. b3 Qe6 35. Qf2 f5 36. Bc5 Qf6 37. h4 f4 38. Rd1 Qf5 39. Bd6 Bf6 40. Re1 Kh6 41. Qe2 Bxh4 42. Qxe5 Qxe5 43. Rxe5 Bf6 44. Re6 Bd4+ 45. Kf1 Kg5 46. c4 Kf5 47. Re7 g5 48. a4 Be4 49. g4+ fxg3 50. Bxg3 b6 51. Bf2 Bxf2 52. Kxf2 Bc2 53. Re3 g4 54. c5 bxc5 55. a5 Be4 56. Rxe4 1-0

[Event "ROM-ch U18 Girls"]
[Site "Calimanesti Caciulata"]
[Date "2019.04.17"]
[Round "4"]
[White "Schiopu, Andreea Alexandra"]
[Black "Ciocan, Maria Alexandra"]
[Result "0-1"]
[WhiteElo "1675"]
[BlackElo "2008"]
[PlyCount "80"]
[EventDate "2019.04.15"]
[EventType "swiss"]
[EventRounds "9"]
[EventCountry "ROU"]
[SourceTitle "CBM 190 Extra"]
[Source "ChessBase"]
[SourceDate "2019.07.15"]
[SourceVersion "1"]
[SourceVersionDate "2019.07.15"]
[SourceQuality "1"]

1. Nf3 Nf6 2. c4 g6 3. g3 Bg7 4. Bg2 0-0 5. 0-0 d6 6. d4 Nbd7 7. Nc3 e5 8. b3 Re8 9. Bb2 c6 10. Qd2 exd4 11. Nxd4 Nc5 12. Qc2 Qb6 13. Rfd1 a5 14. Rab1 a4 15. Nxa4 Nxa4 16. bxa4 Qa6 17. e3 Qxa4 18. a3 Ng4 19. Qxa4 Rxa4 20. Nxc6 Bf5 21. e4 Bxb2 22. Rxb2 bxc6 23. exf5 Rxc4 24. h3 Ne5 25. Rxd6 c5 26. Re2 Rc1+ 27. Kh2 Ng4+ 28. hxg4 Rxe2 29. f6 Re8 30. Bc6 Rc8 31. a4 h6 32. Bb7 Rb8 33. Bd5 Rf8 34. a5 c4 35. a6 c3 36. Rc6 Rd8 37. a7 Ra1 38. Rxc3 Rxa7 39. Bb3 Rd6 40. Rf3 Raa6 0-1

[Event "ROM-ch U18 Girls"]
[Site "Calimanesti Caciulata"]
[Date "2019.04.16"]
[Round "2"]
[White "Paraschiv, Petronela Alexandra"]
[Black "Ciocan, Maria Alexandra"]
[Result "0-1"]
[WhiteElo "1842"]
[BlackElo "2008"]
[PlyCount "96"]
[EventDate "2019.04.15"]
[EventType "swiss"]
[EventRounds "9"]
[EventCountry "ROU"]
[SourceTitle "CBM 190 Extra"]
[Source "ChessBase"]
[SourceDate "2019.07.15"]
[SourceVersion "1"]
[SourceVersionDate "2019.07.15"]
[SourceQuality "1"]

1. c4 c5 2. Nc3 Nc6 3. g3 g6 4. Bg2 Bg7 5. d3 d6 6. e4 Nf6 7. Nge2 a6 8. 0-0 0-0 9. f4 Rb8 10. Rb1 Bd7 11. h3 b5 12. b3 Ne8 13. f5 Nc7 14. g4 Nd4 15. Bf4 b4 16. Nd5 e6 17. f6 Bxf6 18. Nxf6+ Qxf6 19. e5 dxe5 20. Bh6 Qh4 21. Bxf8 Rxf8 22. Nxd4 exd4 23. Qe2 f6 24. Rf2 e5 25. Rbf1 Kg7 26. Qe4 Ne6 27. Qb7 Rf7 28. Qxa6 Nf4 29. Rxf4 exf4 30. Rxf4 Qe1+ 31. Rf1 Qe3+ 32. Kh2 Qxd3 33. Qd6 Qe2 34. Qxc5 d3 35. Rf2 Qe1 36. Qd4 Qc3 37. Qd6 Bc8 38. Bc6 h5 39. Be8 Qe1 40. Qc5 Qxe8 41. gxh5 Qe5+ 42. Qxe5 fxe5 43. Rd2 e4 44. hxg6 Kxg6 45. Kg2 Rf3 46. h4 Bh3+ 47. Kh2 Bf1 48. Rd1 e3 0-1

[Event "ROM-ch U18 Girls"]
[Site "Calimanesti Caciulata"]
[Date "2019.04.15"]
[Round "1"]
[White "Ciocan, Maria Alexandra"]
[Black "Popa, Catalina Elena"]
[Result "1-0"]
[WhiteElo "2008"]
[BlackElo "1680"]
[PlyCount "65"]
[EventDate "2019.04.15"]
[EventType "swiss"]
[EventRounds "9"]
[EventCountry "ROU"]
[SourceTitle "CBM 190 Extra"]
[Source "ChessBase"]
[SourceDate "2019.07.15"]
[SourceVersion "1"]
[SourceVersionDate "2019.07.15"]
[SourceQuality "1"]

1. e4 c5 2. Be2 e6 3. f4 Nc6 4. Nf3 d5 5. d3 Nf6 6. Nbd2 Be7 7. 0-0 0-0 8. c3 b6 9. Re1 Bb7 10. e5 Nd7 11. Nf1 b5 12. d4 Qb6 13. Kh1 cxd4 14. cxd4 Rfc8 15. Bd3 Rc7 16. f5 Nf8 17. Ng3 Nb4 18. Bb1 Rac8 19. Bd2 a5 20. Nh5 exf5 21. Bxf5 Ne6 22. a3 Na6 23. Nf4 Rd8 24. Rf1 b4 25. Qe1 Nxd4 26. Nxd4 Qxd4 27. e6 f6 28. Be3 Qxb2 29. Bxh7+ Kf8 30. Qh4 d4 31. Be4 Bc5 32. Ng6+ Ke8 33. Qh8+ 1-0

[Event "Wch U16 Girls"]
[Site "Montevideo"]
[Date "2017.09.25"]
[Round "10"]
[White "Mostacero Velarde, Isabella Maribel"]
[Black "Ciocan, Maria Alexandra"]
[Result "1/2-1/2"]
[WhiteElo "1760"]
[BlackElo "2015"]
[PlyCount "102"]
[EventDate "2017.09.17"]
[EventType "swiss"]
[EventRounds "11"]
[EventCountry "URU"]
[SourceTitle "EXT 2018"]
[Source "ChessBase"]
[SourceDate "2017.10.13"]
[SourceVersion "1"]
[SourceVersionDate "2017.10.13"]
[SourceQuality "1"]

1. e4 e6 2. d4 d5 3. Nc3 Nf6 4. Bg5 Bb4 5. e5 h6 6. Bd2 Bxc3 7. bxc3 Ne4 8. Qg4 g6 9. Bd3 Nxd2 10. Kxd2 Qe7 11. Nf3 c5 12. dxc5 Nd7 13. Bb5 Qxc5 14. Bxd7+ Bxd7 15. Qd4 Qxd4+ 16. Nxd4 Rc8 17. Rhb1 b6 18. a4 Rc5 19. Nb5 0-0 20. Nxa7 Ra5 21. Nb5 Rfa8 22. Nd4 b5 23. Nb3 Rxa4 24. Kc1 Rc8 25. Kb2 Rac4 26. Rd1 Rxc3 27. Rd2 R8c7 28. Ra8+ Kg7 29. Rb8 R3c4 30. f3 h5 31. Na5 Ra4 32. Rb7 Rxb7 33. Nxb7 Rf4 34. Nc5 Bc6 35. c3 h4 36. Rd4 Rxd4 37. cxd4 Kh6 38. Kc3 Kg5 39. g3 hxg3 40. hxg3 Kf5 41. Kb4 g5 42. Kc3 f6 43. g4+ Kg6 44. Nxe6 fxe5 45. dxe5 Bb7 46. Nd4 Ba6 47. Kb4 Kf7 48. Ka5 Bb7 49. Kxb5 Ke7 50. Kb6 Bc8 51. Kc6 Be6 1/2-1/2

[Event "Wch U16 Girls"]
[Site "Montevideo"]
[Date "2017.09.18"]
[Round "3"]
[White "Nayberg, Simona"]
[Black "Ciocan, Maria Alexandra"]
[Result "1-0"]
[WhiteElo "1749"]
[BlackElo "2015"]
[PlyCount "51"]
[EventDate "2017.09.17"]
[EventType "swiss"]
[EventRounds "11"]
[EventCountry "URU"]
[SourceTitle "CBM 180 Extra"]
[Source "ChessBase"]
[SourceDate "2017.10.06"]
[SourceVersion "1"]
[SourceVersionDate "2017.10.06"]
[SourceQuality "1"]

1. e4 c5 2. c3 Nf6 3. e5 Nd5 4. d4 cxd4 5. cxd4 e6 6. Nc3 Nxc3 7. bxc3 Qc7 8. Bd2 d6 9. f4 Bd7 10. Nf3 Bc6 11. Bd3 Nd7 12. 0-0 Be7 13. f5 0-0-0 14. fxe6 fxe6 15. Ng5 Bxg5 16. Bxg5 Rdf8 17. Rxf8+ Nxf8 18. Bf4 dxe5 19. Bxe5 Qe7 20. Qg4 Nd7 21. Bg3 g5 22. Re1 Re8 23. Bc4 Qa3 24. Bxe6 Rd8 25. Qxg5 Qxc3 26. Qe5 1-0

[Event "EU-ch U16 Girls 27th"]
[Site "Mamaia"]
[Date "2017.09.13"]
[Round "8"]
[White "Ciocan, Maria Alexandra"]
[Black "Muetsch, Annmarie"]
[Result "1-0"]
[WhiteElo "2015"]
[BlackElo "2137"]
[PlyCount "55"]
[EventDate "2017.09.05"]
[EventType "swiss"]
[EventRounds "9"]
[EventCountry "ROU"]
[SourceTitle "CBM 180 Extra"]
[Source "ChessBase"]
[SourceDate "2017.10.06"]
[SourceVersion "1"]
[SourceVersionDate "2017.10.06"]
[SourceQuality "1"]

1. e4 c5 2. a3 e6 3. b4 cxb4 4. axb4 Bxb4 5. Bb2 Bf8 6. Na3 Nf6 7. e5 Nd5 8. Nb5 Nc6 9. Bc4 Nb6 10. Bb3 a6 11. Nd6+ Bxd6 12. exd6 e5 13. Qh5 0-0 14. Nf3 g6 15. Qh6 Qf6 16. h4 a5 17. h5 Qg7 18. Qe3 Ra6 19. hxg6 hxg6 20. Rh4 a4 21. Ba2 a3 22. Bc3 Na4 23. Bxe5 Nxe5 24. Nxe5 Re8 25. Re4 Rf8 26. Ke2 Nb6 27. Rh1 Qf6 28. Nxf7 1-0

[Event "Arad op 10th"]
[Site "Arad"]
[Date "2017.08.07"]
[Round "2"]
[White "Velickovic, Sasa"]
[Black "Ciocan, Maria Alexandra"]
[Result "1-0"]
[WhiteElo "2297"]
[BlackElo "2065"]
[PlyCount "81"]
[EventDate "2017.08.06"]
[EventType "swiss"]
[EventRounds "9"]
[EventCountry "ROU"]
[SourceTitle "CBM 179 Extra"]
[Source "ChessBase"]
[SourceDate "2017.08.23"]
[SourceVersion "1"]
[SourceVersionDate "2017.08.23"]
[SourceQuality "1"]

1. e4 e6 2. d3 d5 3. Nd2 Nf6 4. Ngf3 Be7 5. g3 b6 6. exd5 exd5 7. Bg2 Nc6 8. 0-0 Bg4 9. h3 Bh5 10. g4 Bg6 11. Nh4 Qd6 12. Ndf3 0-0-0 13. c3 Nd7 14. b4 Nce5 15. Nxg6 hxg6 16. Nxe5 Nxe5 17. f4 Nc6 18. d4 Bh4 19. Qd3 Rhe8 20. Bd2 Kb8 21. Qf3 Bf6 22. Rae1 Rh8 23. a3 Qd7 24. Re2 Bxd4+ 25. cxd4 Nxd4 26. Qd3 Nxe2+ 27. Qxe2 Rhe8 28. Qd3 f5 29. gxf5 gxf5 30. Rf3 Qf7 31. Rg3 c6 32. a4 Rd6 33. a5 Kb7 34. Bc3 g6 35. Be5 Rdd8 36. axb6 axb6 37. Qd4 Rd7 38. Ra3 Qe7 39. Qa1 c5 40. Ra7+ Kc6 41. Qa4+ 1-0